[Event "CYCC U10"]
[Site "Quebec CAN"]
[Date "2018.07.04"]
[Round "6.106"]
[White "Xu, Daniel"]
[Black "Yan, Alex Jikai"]
[Result "1-0"]
[WhiteElo "2083"]
[BlackElo "1482"]
[PlyCount "123"]
[EventDate "2018.07.02"]
[EventType "swiss"]
[EventRounds "7"]
[EventCountry "CAN"]

1. d4 d5 2. c4 c6 3. Nf3 Nf6 4. Nc3 e6 5. Bg5 h6 6. Bh4 Be7 7. e3 O-O 8. Bd3
Nbd7 9. O-O b6 10. cxd5 cxd5 11. Rc1 Bb7 12. h3 Ne4 13. Bxe7 Qxe7 14. Nb5 Rfc8
15. Qa4 a5 16. Bxe4 dxe4 17. Ne5 Nxe5 18. dxe5 Bc6 19. Qa3 Qxa3 20. Nxa3 Bd5
21. b3 a4 22. Rxc8+ Rxc8 23. bxa4 Ra8 24. Nb5 Rxa4 25. Nc3 Ra5 26. Rb1 Bxa2 27.
Rxb6 Bc4 28. Nxe4 Rxe5 29. Rb8+ Kh7 30. Nd6 Bd3 31. Nxf7 Rd5 32. Rd8 Rxd8 33.
Nxd8 Bc4 34. Nc6 g5 35. g3 Kg7 36. f4 Kf6 37. Kf2 Bd5 38. Ne5 Kf5 39. g4+ Ke4
40. Kg3 Kxe3 41. fxg5 hxg5 42. Nf7 Kd4 43. Nxg5 Ke5 44. Nf3+ Kf6 45. Kf4 Bc6
46. g5+ Kg7 47. h4 Be8 48. Nd4 Bf7 49. Ke5 Kg6 50. Nf3 Bg8 51. Kf4 Kh5 52. Kg3
Bh7 53. Ne5 Bf5 54. Nd7 Kg6 55. Nf6 e5 56. Ng4 e4 57. Kf4 Be6 58. Nf6 e3 59.
h5+ Kg7 60. Kxe3 Bf7 61. Kf4 Kh8 62. g6 1-0

[Event "CYCC U10"]
[Site "Quebec CAN"]
[Date "2018.07.04"]
[Round "6.107"]
[White "Chandra, Anand Rishi"]
[Black "Li, Adam"]
[Result "1-0"]
[WhiteElo "2101"]
[BlackElo "1388"]
[PlyCount "97"]
[EventDate "2018.07.02"]
[EventType "swiss"]
[EventRounds "7"]
[EventCountry "CAN"]

1. e4 e5 2. Nf3 Nc6 3. Bc4 Nf6 4. d3 Bc5 5. c3 d6 6. O-O Be6 7. Bb5 a6 8. Ba4
b5 9. Bc2 Ne7 10. d4 exd4 11. cxd4 Bb6 12. b4 Ng6 13. Nc3 O-O 14. h3 h6 15. Re1
Qd7 16. Kh2 Bc4 17. Be3 a5 18. a3 axb4 19. axb4 Qe7 20. Rxa8 Rxa8 21. Nd2 c6
22. Nxc4 bxc4 23. f4 Nh7 24. Qe2 d5 25. Rb1 Qd7 26. e5 Nhf8 27. Na4 Bc7 28. Nc5
Qe8 29. Rf1 Ne7 30. Qg4 Bb6 31. f5 Kh8 32. Qh4 Bxc5 33. bxc5 Ra2 34. Bb1 Ra7
35. g4 Kg8 36. Rg1 Nh7 37. Qg3 Kf8 38. h4 Qb8 39. f6 Ng6 40. h5 Ra1 41. hxg6
Qb2+ 42. Kh1 Ng5 43. Bxg5 Rxb1 44. e6 Rxg1+ 45. Kxg1 Qxd4+ 46. Kh2 Qb2+ 47. Kh3
fxe6 48. Qd6+ Ke8 49. Qe7# 1-0

[Event "CYCC U10"]
[Site "Quebec CAN"]
[Date "2018.07.04"]
[Round "6.108"]
[White "Liu, Aaron"]
[Black "Ning, Eric"]
[Result "1-0"]
[WhiteElo "1489"]
[BlackElo "2013"]
[PlyCount "145"]
[EventDate "2018.07.02"]
[EventType "swiss"]
[EventRounds "7"]
[EventCountry "CAN"]

1. e4 c5 2. Nf3 Nc6 3. Bb5 g6 4. O-O Bg7 5. c3 e5 6. d3 Nge7 7. Na3 O-O 8. Bg5
Qc7 9. Qd2 d6 10. Bh6 f5 11. Bxg7 Kxg7 12. Nc2 a6 13. Ba4 f4 14. a3 Be6 15.
Bxc6 Qxc6 16. h3 Rac8 17. Rfe1 h6 18. Rac1 g5 19. Nh2 h5 20. d4 Qc7 21. Qe2 Rh8
22. Red1 Ng6 23. Ne1 Rh7 24. f3 Qe7 25. d5 Bd7 26. Nd3 Rch8 27. Nf2 Kf7 28. c4
Rg7 29. b4 Ba4 30. Rd2 Qc7 31. Rb2 Rb8 32. Rcb1 Kf6 33. Nd3 Nf8 34. bxc5 dxc5
35. Rb6+ Kf7 36. d6 Qc8 37. Nxe5+ Ke8 38. Qd2 Nd7 39. Nxd7 Bxd7 40. Qb2 Kf7 41.
Rxb7 Rxb7 42. Qxb7 Qxb7 43. Rxb7 Ke6 44. Rb6 a5 45. Nf1 Ke5 46. Nd2 a4 47. Kf2
Rg6 48. Ke2 Rxd6 49. Rxd6 Kxd6 50. Kd3 Ke5 51. Nb1 Be8 52. Nc3 Bc6 53. Nb5 g4
54. hxg4 hxg4 55. Nc3 Bd7 56. fxg4 Kf6 57. Nd5+ Kg5 58. Nb6 Bc6 59. Nd5 Kxg4
60. e5 Kg5 61. e6 Be8 62. e7 Kh4 63. Nxf4 Kg5 64. Nd5 Kg6 65. Nc7 Kf7 66. Nxe8
Kxe8 67. Ke4 Kxe7 68. Kd5 Kd7 69. Kxc5 Kc7 70. g4 Kd7 71. g5 Ke6 72. g6 Kf6 73.
Kd6 1-0

[Event "CYCC U10"]
[Site "Quebec CAN"]
[Date "2018.07.04"]
[Round "6.109"]
[White "Yuen, Noah"]
[Black "Ma, Andrew"]
[Result "1-0"]
[WhiteElo "1594"]
[BlackElo "1575"]
[PlyCount "89"]
[EventDate "2018.07.02"]
[EventType "swiss"]
[EventRounds "7"]
[EventCountry "CAN"]

1. d4 Nf6 2. c4 e6 3. Nf3 d5 4. Nc3 Be7 5. cxd5 exd5 6. Bg5 O-O 7. e3 Bf5 8.
Qb3 b6 9. Bxf6 Bxf6 10. Qxd5 Qxd5 11. Nxd5 Bd8 12. Rc1 c6 13. Nf4 Bc7 14. Bd3
Bxd3 15. Nxd3 Bd6 16. O-O f6 17. Rc2 Rc8 18. Rfc1 a5 19. a3 Ra7 20. g3 Rac7 21.
Nfe1 Nd7 22. Kg2 Kf7 23. e4 g6 24. f4 Nb8 25. e5 fxe5 26. fxe5 Bf8 27. d5 Bg7
28. Nf3 c5 29. Ng5+ Kg8 30. Ne6 Re7 31. Nxg7 Kxg7 32. d6 Rf7 33. Nf4 Nc6 34.
Re2 Nd4 35. Re4 Rd7 36. Rxd4 cxd4 37. Rxc8 g5 38. Nh5+ Kg6 39. Nf6 Rf7 40. d7
Rxf6 41. exf6 Kxf6 42. d8=Q+ Ke6 43. Qxd4 Kf5 44. Rc6 g4 45. Qf4# 1-0

[Event "CYCC U10"]
[Site "Quebec CAN"]
[Date "2018.07.04"]
[Round "6.110"]
[White "Bocan, Richard"]
[Black "Qin, Vincent"]
[Result "1/2-1/2"]
[WhiteElo "1298"]
[BlackElo "1639"]
[PlyCount "112"]
[EventDate "2018.07.02"]
[EventType "swiss"]
[EventRounds "7"]
[EventCountry "CAN"]

1. d4 d5 2. c4 c6 3. Nc3 Nf6 4. Nf3 e6 5. Bg5 Be7 6. e3 h6 7. Bh4 Nbd7 8. Bd3
b6 9. cxd5 cxd5 10. O-O O-O 11. Rc1 Bb7 12. Qe2 a6 13. Rc2 b5 14. b3 Rc8 15.
Nb1 Qb6 16. Rfc1 Rfe8 17. Rxc8 Rxc8 18. Rxc8+ Bxc8 19. Qc2 Bb7 20. Bg3 Bd6 21.
Bxd6 Qxd6 22. Nbd2 e5 23. dxe5 Nxe5 24. Nxe5 Qxe5 25. Nf3 Qd6 26. h3 Bc6 27.
Nd4 Bd7 28. Bf5 Bxf5 29. Nxf5 Qd7 30. Nd4 Ne4 31. f3 Nf6 32. Qc6 Qe7 33. Kf2
Qa3 34. Qc8+ Kh7 35. Qf5+ Kh8 36. Qc8+ Ng8 37. Qc2 Ne7 38. Ne2 a5 39. Nd4 Qb4
40. Qd3 Qa3 41. Qe2 Qc5 42. Qxb5 Qxb5 43. Nxb5 Nc6 44. a3 Kg8 45. Ke2 Kf8 46.
Nd4 Nxd4+ 47. exd4 Ke7 48. Kd3 Kd6 49. b4 axb4 50. axb4 Kc6 51. h4 g5 52. g3 f5
53. f4 g4 54. Kc3 Kb5 55. Kb3 h5 56. Ka3 Kc4 1/2-1/2

[Event "CYCC U10"]
[Site "Quebec CAN"]
[Date "2018.07.04"]
[Round "6.111"]
[White "Han, Jonathan"]
[Black "Wang, Zhixing (Daniel)"]
[Result "1-0"]
[WhiteElo "1566"]
[BlackElo "1127"]
[PlyCount "65"]
[EventDate "2018.07.02"]
[EventType "swiss"]
[EventRounds "7"]
[EventCountry "CAN"]

1. e4 c5 2. Nf3 d6 3. d4 cxd4 4. Nxd4 Nf6 5. Nc3 g6 6. Be3 Bg7 7. f3 O-O 8. Qd2
Nc6 9. g4 Bd7 10. h4 Rc8 11. O-O-O Ne5 12. h5 Nc4 13. Bxc4 Rxc4 14. hxg6 fxg6
15. Bh6 Rf7 16. Bxg7 Rxg7 17. g5 Nh5 18. f4 Qa5 19. Nb3 Qb4 20. a3 Qb6 21. Qd5+
e6 22. Qxc4 Nxf4 23. Qb4 Qc6 24. Qxd6 Qxd6 25. Rxd6 Bc6 26. Na5 Rc7 27. Nxc6
bxc6 28. Rhd1 Kf8 29. Rd8+ Ke7 30. Rh8 Rd7 31. Rxh7+ Ke8 32. Rdxd7 Kf8 33. Rh8#
1-0

[Event "CYCC U10"]
[Site "Quebec CAN"]
[Date "2018.07.04"]
[Round "6.112"]
[White "Hu, Raymond"]
[Black "Latorre, Vincent"]
[Result "1/2-1/2"]
[WhiteElo "1228"]
[BlackElo "1513"]
[PlyCount "66"]
[EventDate "2018.07.02"]
[EventType "swiss"]
[EventRounds "7"]
[EventCountry "CAN"]

1. e4 c5 2. Nf3 d6 3. d4 cxd4 4. Nxd4 Nf6 5. Nc3 Nc6 6. Bb5 Bd7 7. Nxc6 Bxc6 8.
Bxc6+ bxc6 9. Bg5 Rb8 10. Rb1 h6 11. Be3 g6 12. Bxa7 Rb7 13. Be3 Bg7 14. Qd3
O-O 15. O-O Qb8 16. b3 Rd8 17. Qd2 d5 18. exd5 Nxd5 19. Nxd5 Rxd5 20. Qe2 Qa8
21. a4 Rb4 22. Rfd1 Qd8 23. Bc5 Re4 24. Be3 Bd4 25. g3 Bxe3 26. fxe3 Rxd1+ 27.
Rxd1 Qb6 28. Rd3 h5 29. Qd2 c5 30. Rd8+ Kg7 31. Qd3 Rxe3 32. Rg8+ Kxg8 33. Qxe3
Kf8 1/2-1/2

[Event "CYCC U10"]
[Site "Quebec CAN"]
[Date "2018.07.04"]
[Round "6.113"]
[White "Ripley, Sam"]
[Black "Locham, Divjot"]
[Result "1-0"]
[WhiteElo "1411"]
[BlackElo "1373"]
[PlyCount "103"]
[EventDate "2018.07.02"]
[EventType "swiss"]
[EventRounds "7"]
[EventCountry "CAN"]

1. e4 e5 2. Nf3 Nc6 3. Bc4 Bc5 4. c3 Nf6 5. d3 O-O 6. O-O h6 7. Be3 Bb6 8. Nbd2
d6 9. h3 Be6 10. Re1 Re8 11. Bb3 d5 12. exd5 Nxd5 13. Bxb6 Nxb6 14. Ne4 Bxb3
15. axb3 Nd5 16. Qc2 Qe7 17. d4 exd4 18. Neg5 Qxe1+ 19. Rxe1 Rxe1+ 20. Nxe1
hxg5 21. cxd4 Nxd4 22. Qe4 Nf4 23. Qxb7 Re8 24. Kf1 c5 25. Qxa7 Nxb3 26. Qd7
Re2 27. Nf3 g6 28. Kg1 Ne6 29. Qe8+ Kg7 30. Nxg5 Kf6 31. h4 Nbd4 32. Qxf7+ Ke5
33. Nxe6 Nxe6 34. Qxg6 Rxb2 35. h5 c4 36. h6 Kd5 37. h7 Rb8 38. Qg8 Rxg8 39.
hxg8=Q c3 40. Qa8+ Kd6 41. Qa3+ Kd5 42. Qxc3 Nd4 43. Qa5+ Kc4 44. g4 Nb3 45.
Qa4+ Kc3 46. g5 Nd2 47. g6 Kd3 48. g7 Nf3+ 49. Kh1 Ke2 50. g8=Q Kxf2 51. Qe4
Nh4 52. Qg1# 1-0

[Event "CYCC U10"]
[Site "Quebec CAN"]
[Date "2018.07.04"]
[Round "6.114"]
[White "Lin, Leo"]
[Black "Huang, Richard"]
[Result "0-1"]
[WhiteElo "1463"]
[BlackElo "1237"]
[PlyCount "142"]
[EventDate "2018.07.02"]
[EventType "swiss"]
[EventRounds "7"]
[EventCountry "CAN"]

1. Nf3 d5 2. c4 dxc4 3. Na3 Nf6 4. Nxc4 g6 5. d4 Bg7 6. Bf4 c6 7. e3 Nbd7 8.
Bd3 c5 9. O-O O-O 10. Qc2 Re8 11. Rad1 cxd4 12. Nxd4 e5 13. Nxe5 Nxe5 14. Bb5
Nfd7 15. Qa4 Nb6 16. Qc2 Bd7 17. Bxe5 Bxe5 18. Nf3 Rc8 19. Qb3 Rc7 20. Nxe5
Rxe5 21. f4 Re8 22. f5 Qe7 23. fxg6 hxg6 24. Bxd7 Rxd7 25. Rxd7 Qxd7 26. Rf3
Qd5 27. Qc3 Qe5 28. Qe1 Kg7 29. Qf2 Qc7 30. Qh4 Qe7 31. Qd4+ Qe5 32. Qd3 Rh8
33. h3 Re8 34. Qf1 Qe6 35. Qe1 Nd5 36. Kf2 Qe7 37. g3 Qb4 38. Qe2 Re6 39. a3
Qe7 40. Qd2 Qd6 41. b4 Qe5 42. a4 Rf6 43. Qe2 Rxf3+ 44. Qxf3 Qf6 45. Qxf6+ Kxf6
46. b5 Nc3 47. Kf3 Nxa4 48. Ke4 Nc3+ 49. Kf4 Nxb5 50. g4 a5 51. Ke4 a4 52. Kd3
a3 53. Kc2 a2 54. Kb2 Nc3 55. h4 b5 56. e4 b4 57. h5 gxh5 58. gxh5 Kg5 59. e5
Kxh5 60. Ka1 Kg5 61. Kb2 Kf5 62. e6 fxe6 63. Ka1 e5 64. Kb2 e4 65. Ka1 e3 66.
Kb2 e2 67. Ka1 e1=Q+ 68. Kb2 Qd2+ 69. Kb3 a1=Q 70. Kxb4 Qd4+ 71. Kb3 Qa2# 0-1

[Event "CYCC U10"]
[Site "Quebec CAN"]
[Date "2018.07.04"]
[Round "6.116"]
[White "Chen, Andrew"]
[Black "Beliveau, Mathieu"]
[Result "1-0"]
[WhiteElo "1367"]
[BlackElo "1109"]
[PlyCount "71"]
[EventDate "2018.07.02"]
[EventType "swiss"]
[EventRounds "7"]
[EventCountry "CAN"]

1. c4 Nf6 2. g3 g6 3. Bg2 Bg7 4. Nc3 O-O 5. d3 e5 6. e4 Nc6 7. Nge2 d6 8. O-O
Ng4 9. h3 Nh6 10. f4 f5 11. Be3 fxe4 12. dxe4 exf4 13. Bxf4 Ne5 14. Qd2 Nhf7
15. b3 g5 16. Be3 g4 17. h4 Nh8 18. Qd5+ Nhf7 19. Rad1 Qe7 20. Qd2 Kh8 21. Nf4
Nd8 22. Ncd5 Qf7 23. h5 Ne6 24. Ng6+ hxg6 25. Rxf7 Rxf7 26. hxg6 Nf3+ 27. Bxf3
Rxf3 28. Qh2+ Kg8 29. Qh7+ Kf8 30. Rf1 Nd4 31. Rxf3+ Nxf3+ 32. Kf2 Bd7 33. Nf6
Be6 34. Bh6 Bxh6 35. Qxh6+ Ke7 36. Qg7+ 1-0

[Event "CYCC U10"]
[Site "Quebec CAN"]
[Date "2018.07.04"]
[Round "6.117"]
[White "Yuan, Henry"]
[Black "Ran, Sean"]
[Result "1-0"]
[WhiteElo "1346"]
[BlackElo "1104"]
[PlyCount "137"]
[EventDate "2018.07.02"]
[EventType "swiss"]
[EventRounds "7"]
[EventCountry "CAN"]

1. e4 e5 2. Nf3 Nc6 3. Bc4 Nf6 4. d4 exd4 5. e5 Ng4 6. Bxf7+ Kxf7 7. Ng5+ Ke8
8. Qxg4 d6 9. Qf4 Nxe5 10. Qxd4 Qe7 11. O-O h6 12. Ne4 Qe6 13. Nbc3 Qg6 14. Ng3
Qxc2 15. f4 Qd3 16. Qxd3 Nxd3 17. Rf3 Nb4 18. Re3+ Be7 19. Re4 d5 20. Re5 c6
21. Bd2 Nd3 22. Re2 Kf7 23. Be3 c5 24. Nxd5 Bd6 25. Rd2 c4 26. Ne4 Ke6 27. Nxd6
Kxd6 28. Nb4 Bf5 29. Nxd3 cxd3 30. Kf2 Rac8 31. Bxa7 Rc2 32. Be3 Rhc8 33. Rad1
Ke6 34. Kf3 h5 35. h3 Kd5 36. Rxc2 Rxc2 37. Rd2 Kc4 38. Rxc2+ dxc2 39. Ke2 Kd5
40. Kd2 Be4 41. g4 hxg4 42. hxg4 Kc4 43. b3+ Kb4 44. Bd4 g6 45. Bb2 Kc5 46. Ke3
Kd5 47. a3 g5 48. f5 c1=Q+ 49. Bxc1 Bc2 50. Kf3 Bxb3 51. Bxg5 Kd6 52. Kf4 b5
53. Ke4 Bd5+ 54. Kd4 Ba2 55. Bf4+ Ke7 56. Ke5 Kf7 57. g5 Bb3 58. g6+ Kg7 59.
Bg5 Kf8 60. Kf6 Bc4 61. Bh6+ Kg8 62. Ke7 Bd5 63. f6 b4 64. f7+ Bxf7 65. gxf7+
Kh7 66. f8=Q Kg6 67. axb4 Kh5 68. Qg7 Kh4 69. Qg2 1-0

[Event "CYCC U10"]
[Site "Quebec CAN"]
[Date "2018.07.04"]
[Round "6.118"]
[White "Morrison, Daniel"]
[Black "Qiu, James"]
[Result "0-1"]
[WhiteElo "463"]
[BlackElo "1136"]
[PlyCount "54"]
[EventDate "2018.07.02"]
[EventType "swiss"]
[EventRounds "7"]
[EventCountry "CAN"]

1. e4 e5 2. Nf3 Nc6 3. Bc4 Nf6 4. d3 Bc5 5. Nc3 h6 6. Be3 Bb6 7. O-O d6 8. h3
Be6 9. Re1 Bxc4 10. dxc4 Ne7 11. b3 Ba5 12. Bd2 Bb6 13. a4 a5 14. Be3 Bxe3 15.
fxe3 Qb8 16. Rf1 Ng6 17. Nd5 Nxe4 18. Qd3 Ng3 19. Rfd1 e4 20. Nxc7+ Qxc7 21.
Qxd6 Qxd6 22. Rxd6 exf3 23. gxf3 Nf5 24. Rd3 Ne5 25. Rc3 Nxf3+ 26. Kf2 Ng5 27.
h4 Ne4+ 0-1

[Event "CYCC U10"]
[Site "Quebec CAN"]
[Date "2018.07.04"]
[Round "6.119"]
[White "Jiang, Barron Jiyu"]
[Black "Gao, Joshua"]
[Result "1-0"]
[WhiteElo "1131"]
[BlackElo "882"]
[PlyCount "83"]
[EventDate "2018.07.02"]
[EventType "swiss"]
[EventRounds "7"]
[EventCountry "CAN"]

1. e4 e5 2. Nf3 Nc6 3. d4 Nf6 4. d5 Ne7 5. Bd3 g6 6. Nxe5 Bg7 7. Nc4 O-O 8. O-O
d6 9. h3 h6 10. Ne3 Bd7 11. c4 c5 12. Nc3 b6 13. a3 Rb8 14. Kh1 Nh7 15. Ne2 Be5
16. Rb1 Qc8 17. Ng1 Ng5 18. f4 Bd4 19. fxg5 hxg5 20. Nc2 Be5 21. Bxg5 Kg7 22.
Bxe7 Rh8 23. Qf3 Qe8 24. Bf6+ Bxf6 25. Qxf6+ Kg8 26. Qxd6 Rd8 27. Qg3 Qf8 28.
e5 Qh6 29. Qf4 Rf8 30. Qxh6 Rxh6 31. b4 Kg7 32. bxc5 bxc5 33. Rb7 Bc8 34. Rxa7
g5 35. Rc7 Rfh8 36. Rfxf7+ Kg8 37. Rg7+ Kf8 38. Rxg5 Bxh3 39. gxh3 Ke8 40. Rxc5
Kd8 41. Bf5 Ke7 42. Rg7+ 1-0

[Event "CYCC U10"]
[Site "Quebec CAN"]
[Date "2018.07.04"]
[Round "6.120"]
[White "Bourdon Gosselin, Jules"]
[Black "Huang, Winston"]
[Result "1-0"]
[WhiteElo "1124"]
[BlackElo "718"]
[PlyCount "95"]
[EventDate "2018.07.02"]
[EventType "swiss"]
[EventRounds "7"]
[EventCountry "CAN"]

1. d4 d5 2. c4 c6 3. cxd5 cxd5 4. Nc3 Nf6 5. Bg5 e6 6. e4 Bb4 7. e5 h6 8. Bh4
g5 9. Bg3 Ne4 10. Qd3 Bd7 11. h3 Qc8 12. Nge2 a6 13. a3 Bb5 14. Qc2 Bxe2 15.
axb4 Nxg3 16. fxg3 Bxf1 17. Rxf1 Nc6 18. Qf2 Rf8 19. Na2 Qc7 20. Qd2 a5 21. b5
Ne7 22. Rf6 Rh8 23. Qf2 Nf5 24. g4 Nh4 25. g3 Ng6 26. Rc1 Qe7 27. b6 Rh7 28.
Rc7 Qf8 29. Rxb7 Nh8 30. Rc7 Kd8 31. Ra7 Rxa7 32. bxa7 Kc7 33. Qc2+ Kb7 34.
Qxh7 Kxa7 35. Rxe6 Ka8 36. Rxh6 Ng6 37. e6 Qe8 38. Qxf7 Qxf7 39. exf7 Nf8 40.
Rh8 Kb7 41. Rxf8 a4 42. Rg8 a3 43. b3 Kc6 44. f8=Q Kb5 45. Qc5+ Ka6 46. Rg6+
Kb7 47. Qe7+ Ka8 48. Rg8# 1-0

[Event "CYCC U10"]
[Site "Quebec CAN"]
[Date "2018.07.04"]
[Round "6.122"]
[White "He, Zekai"]
[Black "Shan, Eric"]
[Result "1-0"]
[WhiteElo "1282"]
[BlackElo "1068"]
[PlyCount "89"]
[EventDate "2018.07.02"]
[EventType "swiss"]
[EventRounds "7"]
[EventCountry "CAN"]

1. d4 d5 2. c4 c6 3. Nc3 Nf6 4. Bg5 Nbd7 5. e3 h6 6. Bh4 e5 7. Nf3 e4 8. Ne5
Bb4 9. a3 Bxc3+ 10. bxc3 O-O 11. cxd5 cxd5 12. Be2 Re8 13. Ng4 b6 14. O-O Bb7
15. Bb5 g5 16. Bg3 h5 17. Nxf6+ Nxf6 18. Bxe8 Qxe8 19. Be5 Ng4 20. Bg3 f5 21.
h3 Nf6 22. f3 exf3 23. Qxf3 Qe4 24. Be5 Rf8 25. Qxf5 Qxf5 26. Rxf5 Nd7 27.
Rxg5+ Kf7 28. Rf1+ Ke7 29. Rg7+ Ke8 30. Rxf8+ Nxf8 31. Rxb7 Nd7 32. Rxa7 Ke7
33. a4 Kd8 34. a5 bxa5 35. Rxa5 Nxe5 36. dxe5 h4 37. Rxd5+ Ke7 38. c4 Ke6 39.
e4 Ke7 40. c5 Ke8 41. c6 Kf7 42. c7 Ke7 43. c8=Q Kf7 44. Rd7+ Ke6 45. Qe8# 1-0

[Event "CYCC U10"]
[Site "Quebec CAN"]
[Date "2018.07.04"]
[Round "6.124"]
[White "Zhang, Kevin"]
[Black "Mak, Logan Jason"]
[Result "0-1"]
[WhiteElo "1838"]
[BlackElo "652"]
[PlyCount "66"]
[EventDate "2018.07.02"]
[EventType "swiss"]
[EventRounds "7"]
[EventCountry "CAN"]

1. e4 c5 2. Nf3 Nc6 3. Bc4 d6 4. O-O g6 5. Ng5 e6 6. Nf3 Bg7 7. d3 Nf6 8. Be3
O-O 9. Qd2 Bd7 10. Bh6 Qc7 11. Bxg7 Kxg7 12. Nc3 Ng4 13. h3 Nf6 14. a3 a6 15.
b4 cxb4 16. axb4 Nxb4 17. Rab1 Nc6 18. d4 Rfd8 19. Rfe1 Ng8 20. d5 Nce7 21.
dxe6 fxe6 22. Qd4+ e5 23. Qd2 Qxc4 24. Qd3 Qxd3 25. cxd3 Rab8 26. d4 exd4 27.
Nxd4 Nc6 28. Nf3 Nf6 29. Ng5 h6 30. Nf3 Re8 31. Re2 b5 32. Na2 Rxe4 33. Rd2 Re6
{...} 0-1

[Event "CYCC U10"]
[Site "Quebec CAN"]
[Date "2018.07.04"]
[Round "6.126"]
[White "Luo, Zhiheng"]
[Black "Mellon-Ruel, Olivier"]
[Result "0-1"]
[WhiteElo "754"]
[BlackElo "936"]
[PlyCount "66"]
[EventDate "2018.07.02"]
[EventType "swiss"]
[EventRounds "7"]
[EventCountry "CAN"]

1. e4 g6 2. Nf3 Bg7 3. d4 d6 4. Nc3 Nf6 5. b3 O-O 6. Bb2 Nc6 7. Be2 e5 8. d5
Nd4 9. Nxd4 exd4 10. Qxd4 Ng4 11. Qd3 Qf6 12. Bxg4 Bxg4 13. f3 Bd7 14. O-O-O
Qf4+ 15. Kb1 a6 16. Ne2 Qg5 17. Bxg7 Kxg7 18. Qc3+ Kg8 19. Qxc7 Bb5 20. Nc3
Rac8 21. Qa5 Bd7 22. g3 Qf6 23. Rd3 Bh3 24. g4 Bg2 25. Rg1 Bh3 26. Rg3 Bf1 27.
Re3 Qe5 28. Rg1 Qd4 29. Rxf1 Qxe3 30. Nd1 Qe2 31. Rf2 Qxd1+ 32. Kb2 Qg1 33. Re2
Qd4+ 0-1

[Event "CYCC U10"]
[Site "Quebec CAN"]
[Date "2018.07.04"]
[Round "6.127"]
[White "Hodgson, Trent"]
[Black "Du, David"]
[Result "0-1"]
[WhiteElo "746"]
[BlackElo "876"]
[PlyCount "102"]
[EventDate "2018.07.02"]
[EventType "swiss"]
[EventRounds "7"]
[EventCountry "CAN"]

1. d4 d5 2. c4 e6 3. Nc3 Nf6 4. Nf3 Be7 5. Bf4 O-O 6. e3 Re8 7. Bd3 Nbd7 8. O-O
b6 9. h3 Bb7 10. Re1 Nf8 11. Rc1 Ng6 12. Bg5 Rb8 13. Nb5 a6 14. Bxg6 fxg6 15.
Nc3 Rf8 16. Ne5 dxc4 17. Nxc4 Nd5 18. Bxe7 Qxe7 19. Nxd5 Bxd5 20. e4 Bxc4 21.
Rxc4 e5 22. dxe5 Qxe5 23. Qd5+ Qxd5 24. exd5 Rbc8 25. Rec1 Rfd8 26. Rd1 b5 27.
Rc6 Rd6 28. Rxd6 cxd6 29. Re1 Rc5 30. Rd1 Kf7 31. f4 Rc2 32. Rb1 Rd2 33. a3
Rxd5 34. Rc1 Rd4 35. Rc6 Rxf4 36. Rxd6 Ra4 37. Kf2 Ke7 38. Rb6 Kf8 39. Ke3 Kg8
40. Kd3 h6 41. Kc3 Kh7 42. Kb3 h5 43. Ka2 Kh6 44. b3 Ra5 45. a4 bxa4 46. bxa4
Rxa4+ 47. Kb3 Ra5 48. Kb4 Ra2 49. h4 Rxg2 50. Rb8 Rb2+ 51. Kc3 Rxb8 0-1

[Event "CYCC U10"]
[Site "Quebec CAN"]
[Date "2018.07.05"]
[Round "7.129"]
[White "Imoo, Matthew"]
[Black "Zhang, Kevin"]
[Result "0-1"]
[WhiteElo "429"]
[BlackElo "1838"]
[PlyCount "54"]
[EventDate "2018.07.02"]
[EventType "swiss"]
[EventRounds "7"]
[EventCountry "CAN"]

1. e4 e5 2. Nf3 Nc6 3. Bc4 Nf6 4. Ng5 d5 5. Nxf7 Kxf7 6. Bxd5+ Be6 7. Bxc6 bxc6
8. Nc3 Bc5 9. d3 Rf8 10. Bg5 Be7 11. Be3 Kg8 12. Qf3 Nd5 13. exd5 Rxf3 14. gxf3
cxd5 15. O-O-O c6 16. Rhg1 Rb8 17. Bh6 Bf6 18. Bg5 Bxg5+ 19. Kb1 Qb6 20. Na4
Qb4 21. b3 Bf6 22. Nb2 e4 23. dxe4 Qa3 24. Na4 Qxa4 25. Rc1 Qa3 26. c3 dxe4 27.
fxe4 Bxb3 0-1

[Event "CYCC U10"]
[Site "Quebec CAN"]
[Date "2018.07.05"]
[Round "7.130"]
[White "Dufresne, Christophe"]
[Black "Hodgson, Trent"]
[Result "1-0"]
[WhiteElo "1291"]
[BlackElo "746"]
[PlyCount "77"]
[EventDate "2018.07.02"]
[EventType "swiss"]
[EventRounds "7"]
[EventCountry "CAN"]

1. e4 e5 2. Nf3 Nc6 3. Bc4 Bc5 4. d3 Nf6 5. Nc3 d6 6. h3 h6 7. Be3 Bxe3 8. fxe3
O-O 9. O-O Re8 10. Re1 Bd7 11. Qd2 Rc8 12. Rad1 Rb8 13. a3 a5 14. Qe2 b5 15.
Bxb5 Rb6 16. Bc4 Rxb2 17. Bb3 Be6 18. Nd5 Qb8 19. Qd2 Qb5 20. Nxc7 Qb8 21. Nxe8
Qxe8 22. Qc3 Bxb3 23. Qxb2 Be6 24. d4 Qd7 25. d5 Bxh3 26. dxc6 Qg4 27. c4 Nxe4
28. c7 Nc3 29. c8=Q+ Qxc8 30. Qxc3 Qg4 31. Qb2 e4 32. Qf2 f5 33. Kh1 exf3 34.
Qxf3 Qh4 35. gxh3 g5 36. Qxf5 Qg3 37. Rxd6 g4 38. Qxg4+ Qxg4 39. hxg4 1-0

[Event "CYCC U10"]
[Site "Quebec CAN"]
[Date "2018.07.05"]
[Round "7.137"]
[White "Johnson, William"]
[Black "Aubin, Samuel"]
[Result "1-0"]
[WhiteElo "700"]
[BlackElo "961"]
[PlyCount "65"]
[EventDate "2018.07.02"]
[EventType "swiss"]
[EventRounds "7"]
[EventCountry "CAN"]

1. e4 e6 2. d4 Nf6 3. Nc3 Bb4 4. Nf3 Bxc3+ 5. bxc3 d5 6. exd5 exd5 7. Qe2+ Kf8
8. c4 Qe8 9. Be3 Ng4 10. cxd5 Nxe3 11. fxe3 Bg4 12. Qc4 Qxe3+ 13. Be2 Bxf3 14.
Qc5+ Ke8 15. gxf3 Na6 16. Qb5+ c6 17. Qxb7 Rb8 18. Qxc6+ Kd8 19. Qd6+ Kc8 20.
Qxa6+ Kc7 21. Qxa7+ Kc8 22. Kf1 Re8 23. Ba6+ Kd8 24. Qxb8+ Kd7 25. Bb5+ Ke7 26.
Qxe8+ Kf6 27. Qxe3 g5 28. Qe5+ Kg6 29. Bd3+ Kh5 30. Rg1 f6 31. Qxf6 Kh4 32.
Qxg5+ Kh3 33. Qg3# 1-0

[Event "CYCC U10"]
[Site "Quebec CAN"]
[Date "2018.07.05"]
[Round "7.105"]
[White "Xu, Daniel"]
[Black "Chandra, Anand Rishi"]
[Result "1-0"]
[WhiteElo "2083"]
[BlackElo "2101"]
[PlyCount "121"]
[EventDate "2018.07.02"]
[EventType "swiss"]
[EventRounds "7"]
[EventCountry "CAN"]

1. d4 Nf6 2. c4 g6 3. Nc3 d5 4. cxd5 Nxd5 5. e4 Nxc3 6. bxc3 Bg7 7. Bc4 c5 8.
Ne2 O-O 9. O-O Nc6 10. Be3 Bg4 11. f3 Bd7 12. Rb1 Qc7 13. Rc1 Rad8 14. Qd2 Bc8
15. Qe1 Qa5 16. Qf2 a6 17. Bb3 b5 18. Ra1 Rd7 19. d5 Ne5 20. Bxc5 Nd3 21. Bb6
Nxf2 22. Bxa5 Nd3 23. Rfd1 Nc5 24. Bc2 Nb7 25. Bb6 Nd6 26. Bd3 Bb7 27. a4 b4
28. Ba5 bxc3 29. Bxc3 Bxc3 30. Nxc3 Rc8 31. Rdc1 Rdc7 32. Ne2 Rxc1+ 33. Rxc1
Rxc1+ 34. Nxc1 Bc8 35. Nb3 Kf8 36. Kf2 Ke8 37. e5 Nf5 38. Bxf5 gxf5 39. Ke3 f6
40. exf6 exf6 41. Kd4 Ke7 42. Kc5 Kd7 43. f4 h5 44. Nd4 Kc7 45. d6+ Kb7 46. Ne2
Bd7 47. a5 Bc6 48. g3 Bd7 49. Nc3 Ka7 50. Nd5 Kb7 51. Nxf6 Be6 52. Nxh5 Kc8 53.
Nf6 Kd8 54. h4 Bg8 55. Nxg8 Ke8 56. Kc6 Kf7 57. d7 Ke6 58. d8=Q Kf7 59. Qe7+
Kg6 60. Kb7 Kh5 61. Qg5# 1-0

[Event "CYCC U10"]
[Site "Quebec CAN"]
[Date "2018.07.05"]
[Round "7.106"]
[White "Zhong, Kevin"]
[Black "Liu, Aaron"]
[Result "1-0"]
[WhiteElo "2072"]
[BlackElo "1489"]
[PlyCount "103"]
[EventDate "2018.07.02"]
[EventType "swiss"]
[EventRounds "7"]
[EventCountry "CAN"]

1. e4 e5 2. Nf3 Nc6 3. Bc4 Bc5 4. c3 Nf6 5. d3 d6 6. Bb3 h6 7. O-O Bg4 8. Nbd2
O-O 9. h3 Bh5 10. Re1 Bb6 11. Nf1 Ne7 12. Ng3 Bg6 13. Nh4 Bh7 14. Qf3 Ng6 15.
Nhf5 Ne7 16. Nxh6+ gxh6 17. Qxf6 Ng6 18. Qxd8 Rfxd8 19. Bxh6 c6 20. Nh5 d5 21.
exd5 cxd5 22. Bxd5 Rac8 23. Bxb7 Rc7 24. Be4 Rd6 25. Bg7 Rc8 26. Bf5 Ra8 27.
Rad1 Rdd8 28. Bxe5 Nxe5 29. Bxh7+ Kxh7 30. Rxe5 Bc7 31. Re2 Kg6 32. Ng3 Re8 33.
Rde1 Rxe2 34. Rxe2 Rd8 35. d4 Bb6 36. Ne4 f5 37. Nd2 Rb8 38. Nc4 Kg5 39. Nxb6
Rxb6 40. d5 f4 41. Rd2 Rd6 42. c4 f3 43. c5 Rg6 44. d6 Kh4 45. g3+ Kxh3 46. d7
Re6 47. Rd1 a5 48. d8=Q Kg4 49. Rd5 Re1+ 50. Kh2 Re7 51. Qg8+ Rg7 52. Qe6# 1-0